F1 2026 Grand Prixs - Statistics

General Stats
  • This quiz has been taken 64 times
  • The average score is 20 of 24
Answer Stats
Round Date Grand Prix % Correct
12 17-19 July Belgium | Spa
98%
2 13-15 March China | Shanghai
98%
1 6-8 March Australia | Melbourne
96%
3 27-29 March Japan | Suzuka
96%
15 4-6 September Italy | Monza
94%
4 10-12 April Bahrain | Sakhir
90%
11 3-5 July Great Britain | Silverstone
90%
23 27-29 November Qatar | Lusail
90%
16 11-13 September Spain | Madrid
90%
19 23-25 October United States | Austin
88%
21 6-8 November Brazil | Sao Paulo | Interlagos
85%
6 1-3 May Miami
85%
5 17-19 April Saudi Arabia | Jeddah
85%
24 4-6 December Abu Dhabi | Yas Island
83%
7 22-24 May Canada | Montreal
83%
22 19-21 November Las Vegas
83%
20 30 Oct - 1 Nov Mexico | Mexico City
81%
14 21-23 August Netherlands | Zandvoort
81%
13 24-26 July Hungary | Budapest
77%
10 26-28 June Austria | Spielberg
75%
17 24-26 September Azerbaijan | Baku
75%
9 12-14 June Barcelona | Catalunya
75%
8 5-7 June Monaco | Monte Carlo
73%
18 9-11 October Singapore
63%
No matching quizzes found
Score Distribution
Percent of People with Each Score
Percentile by Number Answered
Your Score History
You have not taken this quiz